Bioclimats du sous-continent indien (Record no. 79964)
[ view plain ]
| 000 -LEADER | |
|---|---|
| fixed length control field | 00913cam a22002771 4500 |
| 001 - CONTROL NUMBER | |
| control field | sa 68004088 |
| 003 - CONTROL NUMBER IDENTIFIER | |
| control field | DLC |
| 005 - DATE AND TIME OF LATEST TRANSACTION | |
| control field | 20260227112459.0 |
| 008 - FIXED-LENGTH DATA ELEMENTS--GENERAL INFORMATION | |
| fixed length control field | 790806s1965 fr ab 000 0 fre |
| 010 ## - LIBRARY OF CONGRESS CONTROL NUMBER | |
| LC control number | sa 68004088 |
| 035 ## - SYSTEM CONTROL NUMBER | |
| System control number | (OCoLC)5244931 |
| 040 ## - CATALOGING SOURCE | |
| Original cataloging agency | DLC |
| Transcribing agency | WU |
| Modifying agency | DLC |
| 042 ## - AUTHENTICATION CODE | |
| Authentication code | premarc |
| 043 ## - GEOGRAPHIC AREA CODE | |
| Geographic area code | a-ii--- |
| 050 00 - LIBRARY OF CONGRESS CALL NUMBER | |
| Classification number | Q2 |
| Item number | .I485 t. 3, fasc. 3. |
| 100 1# - MAIN ENTRY--PERSONAL NAME | |
| Personal name | Labroue, L. |
| 245 10 - TITLE STATEMENT | |
| Title | Bioclimats du sous-continent indien |
| Statement of responsibility, etc. | [par] L. Labroue, P. Legris [et] M. Viart. |
| 260 ## - PUBLICATION, DISTRIBUTION, ETC. | |
| Place of publication, distribution, etc. | Pondichéry, |
| Name of publisher, distributor, etc. | Imprimerie de la Mission, |
| Date of publication, distribution, etc. | 1965. |
| 300 ## - PHYSICAL DESCRIPTION | |
| Extent | 32 p. |
| Other physical details | illus., map. |
| Dimensions | 24 cm. |
| 410 20 - SERIES STATEMENT/ADDED ENTRY--CORPORATE NAME [OBSOLETE, CAN/MARC], [LOCAL, USA] | |
| Corporate name or jurisdiction name as entry element | Institut français de Pondichéry. |
| Title of a work | Travaux de la section scientifique et technique, |
| Volume number/sequential designation | t. 3, fasc. 3 |
| 500 ## - GENERAL NOTE | |
| General note | Accompanied by three fold. col. maps. |
| 650 #0 - SUBJECT ADDED ENTRY--TOPICAL TERM | |
| Topical term or geographic name entry element | Bioclimatology |
| Geographic subdivision | India. |
| 651 #0 - SUBJECT ADDED ENTRY--GEOGRAPHIC NAME | |
| Geographic name | India |
| General subdivision | Climate. |
| 700 1# - ADDED ENTRY--PERSONAL NAME | |
| Personal name | Legris, P., |
| Relator term | joint author. |
| 700 1# - ADDED ENTRY--PERSONAL NAME | |
| Personal name | Viart, M., |
| Relator term | joint author. |
No items available.